Čo sa skrýva pod zemou

Bibliographic Details
Main Author: Guillain, Charlotte (Author)
Other Authors: Zommer, Yuval (Illustrator), Senecká, Diana (Translator)
Format: Book
Language:Slovak
English
PhysicalDescription:22 nečíslovaných strán farebné ilustrácie 33 cm
Published: Bratislava Albatros Media Slovakia, s.r.o. Fragment 2018
ISBN:9788056604885
Edition:1. vydanie
Subjects:

MARC

LEADER 00000cam a2200000 4500
001 vtls011789367
003 SK-MaSNL
005 20260301223604.0
008 181107s2018 xo a b 000 0 slo
015 |a SNBA2019/04 
020 |a 9788056604885  |q (viazané) 
040 |a SNK  |b slo  |c SNK  |e rda 
041 1 |a slo  |h eng 
044 |a xo  |c SK 
072 7 |a 0/9-053.2  |x Literatúra pre deti a mládež (náučná)  |2 konspekt 
072 7 |a 55  |x Vedy o Zemi. Geologické vedy  |2 konspekt 
080 |a (0.062)  |2 2011 
080 |a (084.11)  |2 2011 
080 |a (0.053.2)  |2 2011 
080 |a 69.035.4  |2 2011 
080 |a 551.442  |2 2011 
080 |a 551.1  |2 2011 
080 |a 902:904  |2 2011 
080 |a 552  |2 2011 
080 |a 631.46  |2 2011 
100 1 |a Guillain, Charlotte  |4 aut  |9 614673 
240 1 4 |a The Street Beneath My Feet  |l Slovensky 
245 1 0 |a Čo sa skrýva pod zemou  |c Charlotte Guillainová, Yuval Zommer ; z anglického originálu The Street Beneath My Feet ... preklad Diana Senecká 
250 |a 1. vydanie 
264 1 |a Bratislava  |b Albatros Media Slovakia, s.r.o.  |b Fragment  |c 2018 
300 |a 22 nečíslovaných strán  |b farebné ilustrácie  |c 33 cm 
336 |a text  |b txt  |2 rdacontent 
336 |a statický obraz  |b sti  |2 rdacontent 
337 |a bez média  |b n  |2 rdamedia 
338 |a zväzok  |b nc  |2 rdacarrier 
500 |a Názov z obalu 
500 |a Vydalo vydavateľstvo Fragment v spoločnosti Albatros Media Slovakia, s.r.o. Bratislava 
500 |a Rozkladacie listy ve forme leporela s obojstranným textom v tvrdom obale 
500 |a Vytlačené naprieč 
521 8 |a Pre deti od 5 rokov 
650 0 7 |a podzemné priestory  |2 SNKPH  |9 107093 
650 0 7 |a Underground areas  |2 SNKPHeng  |9 331789 
650 0 7 |a Caves  |2 SNKPHeng  |9 270892 
650 0 7 |a Earth's body  |2 SNKPHeng  |9 313750 
650 0 7 |a Antiquities  |2 SNKPHeng  |9 101106 
650 0 7 |a Petrography  |2 SNKPHeng  |9 424899 
650 0 7 |a jaskyne  |2 SNKPH  |9 20772 
650 0 7 |a zemské teleso  |2 SNKPH  |9 166235 
650 0 7 |a archeologické nálezy  |2 SNKPH  |9 4975 
650 0 7 |a petrológia  |2 SNKPH  |9 845 
650 0 7 |a pôdne organizmy  |2 SNKPH  |9 75635 
650 0 7 |a Soil organisms  |2 SNKPHeng  |9 326636 
655 7 |a populárno-náučné publikácie  |2 SNKPH  |9 70460 
655 7 |a obrazové publikácie  |2 SNKPH  |9 70343 
655 7 |a Popular works  |2 SNKPHeng  |9 90287 
655 7 |a Pictorial works  |2 SNKPHeng  |9 284468 
655 7 |a publikácie pre deti  |2 SNKPH  |9 70148 
655 7 |a Children's literature  |2 SNKPHeng  |9 276039 
700 1 |a Zommer, Yuval  |4 ill  |9 53966 
700 1 |a Senecká, Diana  |4 trl  |9 330317 
852 |a Štátna vedecká knižnica v Banskej Bystrici 
919 |a 978-80-566-0488-5 
958 |a DB 
958 |a OP 
968 |b ENG 
999 |c 944185  |d 946115 
952 |a SNK  |b SNK  |y PREZ  |7 0  |p 17A1362440  |o snkOSB 19511  |i snk2019/8849  |8 0  |0 0  |1 0  |4 0  |d 2019-03-28  |l 0  |r 2026-02-24 09:28:54  |w 2026-02-24 
952 |a SNK  |b SNK  |y PREZ  |7 0  |p 17A1362441  |o snkOSB 19511 D1  |i snk2019/8850  |8 0  |0 0  |1 0  |4 0  |d 2019-03-28  |l 0  |r 2026-02-24 09:28:54  |w 2026-02-24